Engineering physics

Saved in:
Bibliographic Details
Main Author: Khare
Format: Book
Published: 2007
Tags: Add Tag
No Tags, Be the first to tag this record!
Call Number :

MARC

LEADER 00000pam a2200000 4500
001 26834
003 MY-KLNDU
005 20241218082135.0
020 0 0 |a 9781934015261 
035 |a 0000038838 
039 9 |a 200911181252  |b VLOAD  |y 200910091758  |z VLOAD 
100 0 0 |a Khare 
245 0 0 |a Engineering physics 
260 0 0 |a 2007 
591 |a 0000009492  |b 26/05/09  |c 0200-07  |d 1  |e RM265.8  |f 1  |g 265.8  |h Bookfinder Sdn. Bhd. 
999 |a vtls000036683  |c 26834  |d 26834